| 000 | 00834nam a22002777a 4500 | ||
|---|---|---|---|
| 001 | 8800 | ||
| 003 | FISKH | ||
| 005 | 20251021115201.0 | ||
| 008 | 251021b cb ||||| |||| 00| 0 eng d | ||
| 020 | _a786943990324 | ||
| 040 |
_aFISKH _beng _cFISKH _dFISKH |
||
| 050 | _aPS3619.H3534 R35 | ||
| 082 | _a813.6 | ||
| 100 | _aParent, Nancy | ||
| 245 |
_aRainy day friends / _cwritten by Nancy Parent ; illustrated by Suzy Spafford |
||
| 260 |
_aFlorida : _bParadise Press, _c2009. |
||
| 300 |
_a10 unnumbered pages : _bcolor illustrations ; _c18 cm |
||
| 490 | _aLittle Suzy's Zoo | ||
| 505 | _aF | ||
| 520 | _aWitzy worries about his turtle friends staying dry when it rains. | ||
| 521 | 8 |
_a300
_bLexile estimate |
|
| 521 | 8 |
_aF
_bRaz-Plus |
|
| 650 |
_aBoard Book _vWeather |
||
| 942 |
_2ddc _cBK _n0 |
||
| 999 |
_c8800 _d8800 |
||